000 00843nam a2200241 i 4500
001 178539
003 ES-MaACL
005 20250824221155.0
008 110607s1966 sp f |||| | spa d
080 _a1 Guardini, Romano
100 1 _aLópez Quintás, Alfonso.
_973905
245 1 0 _aRomano Guardini y la dialéctica de lo viviente
_b: estudio metodológico /
_cAlfonso López Quintás.
260 _aMadrid :
_bCristiandad,
_c[1966]
300 _a344 p. , [7] h. de lám. ;
_c22 cm.
490 1 _aLos libros del monograma
490 1 _aTeología y siglo XX ;
_v5
504 _aBibliografía: p. 339-344.
600 1 4 _aGuardini, Romano.
_960319
830 0 4 _aLos libros del monograma
_9183512
830 0 _aTeología y siglo XX ;
_v5
_9191015
852 _aES-MaACL
_jE-15419
_xOlim P-315-Ter
999 _c178539
_d178539